Estadísticas para 5 Capitales más Pobladas por Continente

Haz click aquí para intentar la prueba.

Estadísticas generales

  • Esta prueba ha sido intentada 111 veces
  • La puntuación promedio es 19 de 29

Estadísticas de respuestas

ContinentePoblaciónCapital% Correcto
América del Norte24,9MCiudad de México
94%
Europa6,8MMadrid
94%
América del Sur16,7MBuenos Aires
93%
Europa14,8MLondres
93%
Europa18,8MMoscú
93%
Europa11,4MParís
93%
Europa4,7MBerlín
91%
Asia40,8MTokio
91%
América del Sur10,2MBogotá
88%
América del Sur4,1MBrasilia
88%
América del Sur11,6MLima
84%
África22,2MEl Cairo
83%
América del Sur8MSantiago
82%
Oceanía490kCanberra
81%
Oceanía210kWellington
71%
Asia24,9MSeúl
62%
Asia28,9MYakarta
60%
América del Norte3,3MCiudad de Guatemala
58%
África6,5MNairobi
56%
América del Norte2,4MSan José
56%
Asia26,7MManila
51%
América del Norte4,1MSanto Domingo
49%
África15MKinsasa
44%
Oceanía360kPort Moresby
40%
América del Norte3,5MPuerto Príncipe
38%
África9MLuanda
33%
Oceanía185kSuva
32%
África6,3MAcra
27%
Oceanía130kHoniara
17%

Distribución de puntuación

Porcentaje por número respondido

Porcentaje de gente con cada puntuación

Historial de tus puntuaciones

No has intentado esta prueba.